01118nam a22002897a 4500003000400000005001700004007000200021008004100023020001800064040006600082050002200148100002700170245005700197250001900254260003600273264000900309300007500318336002600393337002800419338003700447500018800484546002400672650003500696650002600731658005700757700001400814OSt20260317105040.0a260317b |||||||| |||| 00| 0 eng d a9788475067292 aFoundation UniversitybengcFoundation UniversitydFULiberda aN 4742b.2006 C78 aCruzvillegas, Abraham 00aLos dos amigos /cAbraham Cruzvillegas and Dr. Lakra aFirst edition. aMexico City :bA&R Press,c2006 42006 3resourcea1 volume (unpaged) :bcolor illustrations ; c28 cm.fvolume 2rdacontentatextbtxt 2rdamediaaunmediatedbn 2rdacarrier3resourceavolumebnc aThis book was made in conjunction with the exhibition, Los dos amigos, which took place at the MACO (Oaxacan Museum of Contemporary Art) in the city of Oaxaca, Mexico, in May of 2005. aMexican and English 2LCaArt, Moderny21st century. 2LCaArtvExhibitions. aFine Arts, Bachelor of :bArt Theory ;cFA335, FA336 aDr. Lakra